ARRUPE JESUIT UNIVERSITY

CORONAVIRUS -STOP THE SPREAD - CLEAN,DISINFECT,COVER

Aelred of Rievaulx: . (Record no. 125641)

MARC details
000 -LEADER
fixed length control field 00771cam a2200277 4500
001 - CONTROL NUMBER
control field 4441221
003 - CONTROL NUMBER IDENTIFIER
control field ARRUPE
005 - DATE AND TIME OF LATEST TRANSACTION
control field 20161102104527.0
008 - FIXED-LENGTH DATA ELEMENTS--GENERAL INFORMATION
fixed length control field 700430s1969 enkfh b 001 0beng
010 ## - LIBRARY OF CONGRESS CONTROL NUMBER
LC control number 72457149
020 ## - INTERNATIONAL STANDARD BOOK NUMBER
International Standard Book Number 0281023395
035 ## - SYSTEM CONTROL NUMBER
System control number (OCoLC)505748530
035 ## - SYSTEM CONTROL NUMBER
System control number (OCoLC)ocn505748530
035 ## - SYSTEM CONTROL NUMBER
System control number (NNC)4441221
040 ## - CATALOGING SOURCE
Original cataloging agency DLC
Transcribing agency DLC
Modifying agency NNUT
050 0# - LIBRARY OF CONGRESS CALL NUMBER
Classification number BX4700.E7
Item number S65
090 ## - LOCALLY ASSIGNED LC-TYPE CALL NUMBER (OCLC); LOCAL CALL NUMBER (OCLC)
Classification number (OCLC) (R) ; Classification number, CALL (RLIN) (NR) BX4700.E7
Local cutter number (OCLC) ; Book number/undivided call number, CALL (RLIN) S65
300 ## - PHYSICAL DESCRIPTION
Other physical details plate. facsim.
Dimensions 23 cm.
100 1# - MAIN ENTRY--PERSONAL NAME
Personal name Squire, Aelred.
9 (RLIN) 27203
245 10 - TITLE STATEMENT
Title Aelred of Rievaulx: .
Remainder of title a study
Statement of responsibility, etc Aelred Squire
260 ## - PUBLICATION, DISTRIBUTION, ETC. (IMPRINT)
Place of publication, distribution, etc London,
Name of publisher, distributor, etc S.P.C.K.,
Date of publication, distribution, etc 1969.
300 ## - PHYSICAL DESCRIPTION
Extent xii, 177 p,
504 ## - BIBLIOGRAPHY, ETC. NOTE
Bibliography, etc Bibliography: p. [153]
600 00 - SUBJECT ADDED ENTRY--PERSONAL NAME
Personal name Aelred,
Titles and other words associated with a name of Rievaulx, Saint,
Dates associated with a name 1110-1167.
9 (RLIN) 27204
942 ## - ADDED ENTRY ELEMENTS (KOHA)
Source of classification or shelving scheme Library of Congress Classification
Koha item type Monograph ( Printed materials)
Holdings
Withdrawn status Lost status Source of classification or shelving scheme Damaged status Not for loan Collection code Home library Current library Shelving location Date acquired Total Checkouts Full call number Barcode Date last seen Price effective from Koha item type
    Library of Congress Classification     Main Collection ARRUPE LIBRARY ARRUPE LIBRARY Main Collection 02/11/2016   BX4156.A3 S65 46500009988 22/11/2017 02/11/2016 Monograph ( Printed materials)

 

Arrupe Library. PO Box MP320 Mt Pleasant, Harare, Zimbabwe
263 242 745411|librarian@aju.ac.zw